Normal view MARC view

Entry Nome pessoal

Number of records used in: 1

001 - NÚMERO DE CONTROLE

  • campo de controle: 7

003 - IDENTIFICADOR DO NÚMERO DE CONTROLE

  • campo de controle: Br

005 - DATA E HORÁRIO DA ÚLTIMA TRANSAÇÃO

  • campo de controle: 20250109131644.0

008 - CAMPO DE DADOS FIXOS

  • campo de controle de tamanho fixo: 980105n| acnnnaab| a aaa

035 ## - NÚMERO DE CONTROLE DO SISTEMA

  • Número de Controle do Sistema: 98010511010730E16

040 ## - FONTE DA CATALOGAÇÃO

  • Instituição da catalogação original: Br
  • Instituição que transcreveu o registro: Br

100 1# - CABEÇALHO--NOME PESSOAL

  • Nome pessoal: Kafka, Franz,
  • Datas associadas ao nome: 1883-1924

400 1# - REMISSIVA VER--NOME PESSOAL

  • Nome pessoal: Kafka, F.
  • Forma completa do nome: (Franz)
  • Datas associadas ao nome: 1883-1924

670 ## - FONTE POSITIVA DOS DADOS

  • Citação da fonte positiva dos dados: Autor de: A metamorfose. 2004
  • Dados encontrados na fonte localizada no subcampo: (orelha: nasceu em Praga, em 1883)

670 ## - FONTE POSITIVA DOS DADOS

  • Citação da fonte positiva dos dados: Em: Bristol, Brian. Por que amamos ler?... 2008
  • Dados encontrados na fonte localizada no subcampo: (p. 98: romancista alemão; D.)

670 ## - FONTE POSITIVA DOS DADOS

  • Citação da fonte positiva dos dados: http://catalogue.bnf.fr
  • Dados encontrados na fonte localizada no subcampo: (D.)

670 ## - FONTE POSITIVA DOS DADOS

  • Citação da fonte positiva dos dados: http://authorities.loc.gov 4/1/10
  • Dados encontrados na fonte localizada no subcampo: (D., rem.)

670 ## - FONTE POSITIVA DOS DADOS

  • Citação da fonte positiva dos dados: Koogan
  • Dados encontrados na fonte localizada no subcampo: (escritor judeu tcheco, de língua alemã ; D.)

670 ## - FONTE POSITIVA DOS DADOS

  • Citação da fonte positiva dos dados: http://pt.wikipedia.org/wiki/Franz_Kafka
  • Dados encontrados na fonte localizada no subcampo: (Franz Kafka nasceu em Praga, em 3 de julho de 1883 e faleceu em 3 de junho de 1924)

670 ## - FONTE POSITIVA DOS DADOS

  • Citação da fonte positiva dos dados: https://pt.wikipedia.org/wiki/Franz_Kafka 17/05/2016
  • Dados encontrados na fonte localizada no subcampo: (nasceu em Praga, Império Austro-Húngaro, atual República Tcheca, em 3 de julho de 1883 e faleceu em Klosterneuburg, Republica Austríaca, atual Áustria, em 3 de junho de 1924; escritor tcheco, autor de romances e contos, considerado pelos críticos como um dos escritores mais influentes do século XX)

Powered by Koha